000
00326nam a2200133Ia 4500
008
231129s1961||||xx |||||||||||||| ||spa||
040
_b
spa
082
_a
930.1028 M888a
100
_a
Mortimer Wheeler R.E. Sir
245
0
_a
Arqueologia de campo
260
_c
1961
264
_a
Fondo de Cultura Economica
942
_2
ddc
_c
BKS
999
_c
5581
_d
5581